LEADER 00930cam0 22002651 450 001 SOBE00054607 005 20170203144333.0 010 $a8820918227 100 $a20170203d1986 |||||ita|0103 ba 101 $alat 102 $aVA 200 1 $aNova vulgata bibliorum sacrorum editio$eSacros. Oecum. Concilii Vaticani 2. ratione habita issu Pauli PP. 6. recognita auctoritate Ioannis Pauli PP. 2. promulgata 205 $aEditio typica altera 210 $a[Cittą del Vaticano]$cLibreria editrice Vaticana$d1986 215 $aXXXI, 2316 p.$d18 cm 500 11$aBibbia$3UF00002698$955323 801 0$aIT$bUNISOB$c20170203$gRICA 850 $aUNISOB 852 $aUNISOB$j200$m66538 912 $aSOBE00054607 940 $aM 102 Monografia moderna SBN 941 $aM 957 $a200$b001268$gSI$d66538$racquisto$tN$1menle$2UNISOB$3UNISOB$420170203144256.0$520170203144333.0$6menle 996 $aBibbia$955323 997 $aUNISOB